|
|
|
|
| LEADER |
00000cam a2200000 a 4500 |
| 001 |
vtls001486385 |
| 003 |
SK-MaSNL |
| 005 |
20260301204009.0 |
| 008 |
240801s2004 xo g 000 f slo |
| 015 |
|
|
|a SNBA2006/02-00792
|
| 020 |
|
|
|a 8055109214
|
| 035 |
|
|
|a SNK000441678
|
| 035 |
|
|
|a urn:nbn:sk:snk-amjds2
|
| 035 |
|
|
|a urn:nbn:sk:snk-am003eft
|
| 035 |
|
|
|a 486A85A3-21F4-4FAD-82E1-2EFA7F93A7FC
|
| 040 |
|
|
|a SNK
|b slo
|c SNK
|e AACR2
|
| 041 |
1 |
|
|a slo
|h eng
|
| 044 |
|
|
|a xo
|c SK
|
| 072 |
|
7 |
|a 821.111(73)-3
|x Americká próza
|2 konspekt
|
| 080 |
|
|
|a 821.111 (73)-31
|2 2001
|
| 080 |
|
|
|a (0:82-312.5)
|2 1981
|
| 100 |
1 |
|
|a Quick, Amanda,
|d 1948-
|4 aut
|9 86058
|
| 240 |
1 |
0 |
|a I thee wed
|l Slovensky
|
| 245 |
1 |
0 |
|a Snubný prstienok
|c Amanda Quicková ; [z anglického originálu preložila Marta Frühaufová]
|
| 250 |
|
|
|a [1. vyd.]
|
| 260 |
|
|
|a Bratislava
|b Ikar
|c 2004
|
| 300 |
|
|
|a 319 s.
|c 18 cm
|
| 655 |
|
7 |
|a umelecká literatúra
|2 SNKPH
|9 60405
|
| 655 |
|
7 |
|a americké romány
|2 SNKPH
|9 1174
|
| 655 |
|
7 |
|a ľúbostné romány
|2 SNKPH
|9 70497
|
| 700 |
1 |
|
|a Frühaufová, Marta
|4 trl
|9 243321
|
| 852 |
|
|
|a Slovenská národná knižnica
|
| 919 |
|
|
|a 80-551-0921-4
|
| 954 |
|
|
|a beletria cudzojazyčná (svetová)
|2 lita
|
| 958 |
|
|
|a UP
|
| 968 |
|
|
|b ENG
|
| 999 |
|
|
|c 904749
|d 906679
|
| 952 |
|
|
|t P60, <03>, [BOOK], {603}, -B-
|a SNK
|b SNK
|y PREZ
|7 0
|p 17A0453018
|o snkSD 74387
|i snkKSP 15289/2004
|0 0
|1 0
|4 0
|d 2004-12-03
|l 0
|r 2025-11-21 00:00:00
|w 2026-02-24
|
| 952 |
|
|
|a SNK
|b SNK
|y PREZ
|7 0
|p 17A0457216
|o snkSD 74387 D1
|i snk2005/1494
|8 0
|0 0
|1 0
|4 0
|d 2005-01-31
|f 1
|l 0
|r 2026-02-24 07:25:19
|w 2026-02-24
|